000 004600000a22001810004500
001 8568
010 _a9728435223
_b(encadernado)
090 _a8568
100 _a20020116 1999 m||y0pory5003 ba
102 _aUK
200 _aObservar o tempo
_fWilliam Burroughs, Bob Crowder
210 _aLisboa
_cEd. Atena
_d1999
215 _a287 p.
_d25 cm
317 _aOrigem: IM
606 _aMETEOROLOGIA GERAL
_zIM
675 _a
700 1 _aBurroughs
_bWilliam
701 1 _aCrowder
_bBob